Music Quiz

Random Music or Taylor Swift Quiz

Songs on 1989 Quiz Stats

 Plays Quiz Updated Oct 27, 2014

Challenge
Share
Tweet
Embed
Score 0/13 Timer 04:00
3 Plays Today
No. Track % Correct
2Blank Space
91%
6Shake It Off
88.3%
1Welcome to New York
83.6%
3Style
83%
8Bad Blood
80%
4Out of the Woods
77.7%
9Wildest Dreams
74.8%
13Clean
73.9%
10How You Get the Girl
64.4%
5All You Had to Do Was Stay
64.2%
12I Know Places
64.2%
11This Love
61.3%
7I Wish You Would
59%

You're not logged in!

Compare scores with friends on all Sporcle quizzes.
OR
Log In

You Might Also Like...

Show Comments

Extras

Top Quizzes Today


Score Distribution

Your Account Isn't Verified!

In order to create a playlist on Sporcle, you need to verify the email address you used during registration. Go to your Sporcle Settings to finish the process.

Report this User

Report this user for behavior that violates our Community Guidelines.

Details: